Estadísticas para Cuerpo Humano por Letra - E

Haz click aquí para intentar la prueba.

Estadísticas generales

  • Esta prueba ha sido intentada 92 veces
  • La puntuación promedio es 10 de 15

Estadísticas de respuestas

DefiniciónRespuesta% Correcto
Período que transcurre entre la concepción y el partoEmbarazo
93%
Conjunto de huesos que sostiene nuestro cuerpo y protege algunos órganos.Esqueleto
89%
Tubo muscular a través del cual pasan los alimentos desde la garganta al estómago.Esófago
88%
Célula reproductora masculina que se forma en el testículo.Espermatozoide
86%
Alteración más o menos grave de la salud.Enfermedad
84%
Capa superior o exterior de las dos capas principales de la piel.Epidermis
82%
Estado de cansancio mental provocado por la exigencia de un rendimiento muy superior al normalEstrés
76%
Tejido del maxilar superior e inferior (mandíbula) que rodea la base de los dientes.Encía
70%
Trastorno en el que se interrumpe la actividad de las células nerviosas en el cerebro, lo que provoca convulsiones.Epilepsia
70%
Situación de un cuerpo que, a pesar de tener poca base de sustentación, se mantiene sin caerse.Equilibrio
63%
Estiramiento o rasgadura de los ligamentos, el tejido fibroso que conecta los huesos y las articulaciones.Esguince
57%
Trastorno que afecta la capacidad de una persona para pensar, sentir y comportarse de manera lúcida.Esquizofrenia
45%
Hinchazón causada por el exceso de líquido atrapado en los tejidos del cuerpo.Edema
32%
Bloqueo de una arteria causado por un coágulo de sangre u otras sustanciasEmbolia
30%
Proteínas complejas que producen un cambio químico específico en todas las partes del cuerpoEnzima
30%

Distribución de puntuación

Porcentaje por número respondido

Porcentaje de gente con cada puntuación

Historial de tus puntuaciones

No has intentado esta prueba.